10 Najbardziej skażonych miejsc na ziemi - Kraje - Statystyki

Ogólne statystyki
  • Ten quiz został rozwiązany 105 razy
  • Średni wynik to 5 z 10
Statystyki odpowiedzi
Kraj % Poprawnych
Rosja
91%
Rosja
91%
USA
89%
USA
89%
Kazachstan
42%
Indonezja
32%
Somalia
20%
Nigeria
18%
Kirgistan
9%
Ghana
8%
Nie znaleziono quizów pasujących do podanych kryteriów
Rozkład punktacji
Procent ludzi z każdym wynikiem
Percentyl według liczby udzielonych odpowiedzi
Twoja historia wyników
Nie rozwiązałeś tego quizu